Dạy học sinh học ở trường Trung học Phổ thông. t.I /
Shranjeno v:
| Glavni avtor: | |
|---|---|
| Drugi avtorji: | , |
| Format: | Sách giấy |
| Jezik: | Vietnamese |
| Izdano: |
H. :
Giáo dục,
2004
|
| Izdaja: | Tái bản lần thứ hai |
| Teme: | |
| Oznake: |
Označite
Brez oznak, prvi označite!
|
| Thư viện lưu trữ: | Thư viện Trường Đại học Đà Lạt |
|---|
| LEADER | 00871nam a2200325 4500 | ||
|---|---|---|---|
| 001 | DLU060051533 | ||
| 005 | ##20060313 | ||
| 040 | # | # | |a DLU |b vie |
| 041 | # | # | |a vie |
| 044 | # | # | |a vn |
| 082 | # | # | |a 570.7 |b NG-T |
| 100 | # | # | |a Nguyễn Đức Thành |
| 245 | # | # | |a Dạy học sinh học ở trường Trung học Phổ thông. |n t.I / |c Nguyễn Đức Thành, Nguyễn Văn Duệ, Dương Tiến Sỹ |
| 250 | # | # | |a Tái bản lần thứ hai |
| 260 | # | # | |a H. : |b Giáo dục, |c 2004 |
| 300 | # | # | |a 207 tr. ; |c 27 cm |
| 650 | # | # | |a Sinh học |x Dạy và học. |
| 700 | # | # | |a Dương Tiến Sỹ |
| 700 | # | # | |a Nguyễn Văn Duệ |
| 923 | # | # | |a 66/2005 |
| 990 | # | # | |a t.I |
| 992 | # | # | |a 17.000 |
| 994 | # | # | |a DLU |
| 900 | # | # | |a True |
| 911 | # | # | |a Đào Thị Thu Huyền |
| 925 | # | # | |a G |
| 926 | # | # | |a A |
| 927 | # | # | |a SH |
| 980 | # | # | |a Thư viện Trường Đại học Đà Lạt |